logo

Bir Sreshtho Munshi Abdur Rouf Library
Jhenaidah Cadet College

Usul Al Fiqh Al Islami / (Record no. 12474)

MARC details
000 -LEADER
fixed length control field 00783nam a2200265 a 4500
001 - CONTROL NUMBER
JCCL Control Number 12474
003 - CONTROL NUMBER IDENTIFIER
JCCL marc code BD-JhCC
005 - DATE AND TIME OF LATEST TRANSACTION
control field 20220227091646.0
008 - FIXED-LENGTH DATA ELEMENTS--GENERAL INFORMATION
fixed length control field 220227b1990 enk |||| ||6| 001 0 eng d
020 ## - INTERNATIONAL STANDARD BOOK NUMBER
International Standard Book Number 0912463562
035 ## - SYSTEM CONTROL NUMBER
system control number (BD-JhCC)12474
040 ## - CATALOGING SOURCE
Original cataloging agency BD-JhCC
Modifying agency BD-JhCC
041 ## - LANGUAGE CODE
Language code of Book English
082 ## - DEWEY DECIMAL CLASSIFICATION NUMBER
Classification number 340.59
Author mark and Year ALA 1990
100 ## - MAIN ENTRY--PERSONAL NAME
Personal name Al-Alwani, Taha Jabir
245 ## - TITLE STATEMENT
Title Usul Al Fiqh Al Islami /
Statement of responsibility, etc Taha Jabir Al-Alwani, Yusuf Talal Delorenzo,A.S. Al Shaikh-Ali.
260 ## - PUBLICATION, DISTRIBUTION, ETC. (IMPRINT)
Place of publication, distribution, etc London :
Name of publisher, distributor, etc The International Institute Of Islamic Thought;
Date of publication, distribution, etc 1990.
300 ## - PHYSICAL DESCRIPTION
Pagination 84 p. :
Dimensions 22 cm.
650 ## - SUBJECT ADDED ENTRY--TOPICAL TERM
Topical term or geographic name as entry element Islamic Law
650 ## - SUBJECT ADDED ENTRY--TOPICAL TERM
Topical term or geographic name as entry element Interpretation and construction
700 ## - ADDED ENTRY--PERSONAL NAME
Personal name Delorwnzp,Yusuf Talal
700 ## - ADDED ENTRY--PERSONAL NAME
Personal name Ali, A.S. Al Shaikh
942 ## - ADDED ENTRY ELEMENTS (KOHA)
Source of classification or shelving scheme Dewey Decimal Classification
Koha item type Books
Holdings
Source of classification or shelving scheme Damaged status Not for loan Home library Current library Shelving location Date of accession Cost, normal purchase price Total Checkouts Full call number Barcode Date last seen Copy number Koha item type
Dewey Decimal Classification     JCC Rouf Library JCC Rouf Library General Stacks 06/10/2021 400.00   340.59 ALA 1990 16874 02/27/2022 C-1 Books

JCC Library | Contacts | JCC Home

Last Update on 23 September 2017
Copyright @ 2017-2020 JCC Rouf Library
Rouf Library, Jhenidah Cadet College (JCC), Bangladesh